Piłkarze Genoa CFC - nagła śmierć - Statystyki

Ogólne statystyki
  • Ten quiz został rozwiązany 55 razy
  • Średni wynik to 6 z 15
Answers on the Grid
Answers color-coded by a green-red scale on the quiz's grid according to % correct below.
Krzysztof Piatek
Edinson Cavani
Ivan Perišić
Ezequiel Lavezzi
Stephan El Shaarawy
Leon Goretzka
Mattéo Guendouzi
Leonardo Bonucci
Zlatan Ibrahimović
Mario Balotelli
Virgil van Dijk
Riccardo Calafiori
Cesc Fàbregas
Javier Mascherano
Giuseppe Rossi
Ángel Di María
Cristian Romero
Arkadiusz Milik
Bojan Krkić
Kevin-Prince Boateng
Ciro Immobile
Andrej Kramarić
Suso
Fernando Torres
Lucas Ocampos
Diego Forlán
Gianluca Scamacca
Antonio Valencia
Luca Toni
Ashley Young
Diego Milito
Vadis Odjidja-Ofoe
 
Statystyki odpowiedzi
Odpowiedź % Poprawnych
Krzysztof Piatek
97%
Giuseppe Rossi
59%
Mario Balotelli
56%
Ezequiel Lavezzi
38%
Riccardo Calafiori
38%
Suso
38%
Ciro Immobile
36%
Kevin-Prince Boateng
36%
Luca Toni
36%
Gianluca Scamacca
31%
Stephan El Shaarawy
31%
Diego Milito
28%
Cristian Romero
26%
Lucas Ocampos
21%
Leonardo Bonucci
18%
Nie znaleziono quizów pasujących do podanych kryteriów
Rozkład punktacji
Procent ludzi z każdym wynikiem
Percentyl według liczby udzielonych odpowiedzi
Twoja historia wyników
Nie rozwiązałeś tego quizu